| 000 | 00447nam a2200157 a 4500 | ||
|---|---|---|---|
| 001 | 3433 | ||
| 003 | CDMR | ||
| 005 | 20130313102631.0 | ||
| 008 | 130130s1971||||||||||||||||||||||||||||d | ||
| 040 |
_aCDMR _bcat _cCPC GIRONA |
||
| 100 | 1 |
_aPerich _qPerich, Jaime _9220 |
|
| 245 | 1 | 0 |
_aSetze fetges _cPerich ; pròleg de M. Vàzquez Montalbán |
| 260 |
_c1971 _bEdicions 62 _aBarcelona |
||
| 700 | 1 |
_9766 _aVázquez Montalbán, Manuel _epr. |
|
| 942 |
_cMON _2udc |
||
| 999 |
_c3433 _d3433 |
||